[Event "Moscow Aeroflot op-A"]
[Site "Moscow"]
[Date "2005.02.20"]
[Round "6"]
[White "Kotronias, Vasilios"]
[Black "Kosteniuk, Alexandra"]
[Result "1/2-1/2"]
[WhiteElo "2585"]
[BlackElo "2490"]
[PlyCount "91"]
[EventDate "2005.02.15"]
[EventType "swiss"]
[EventRounds "9"]
[EventCountry "RUS"]
[SourceTitle "CBM 106"]
[Source "ChessBase"]
[SourceDate "2005.06.06"]
[SourceVersion "1"]
[SourceVersionDate "2005.06.06"]
[SourceQuality "1"]

1. e4 e5 2. Nf3 Nf6 3. Nxe5 d6 4. Nf3 Nxe4 5. d4 d5 6. Bd3 Bd6 7. O-O O-O 8. c4
c6 9. cxd5 cxd5 10. Nc3 Nxc3 11. bxc3 Bg4 12. Rb1 Nd7 13. h3 Bh5 14. Rb5 Nf6
15. Bg5 Rc8 16. g4 Bg6 17. Bxg6 hxg6 18. Qb3 b6 19. Kg2 Bb8 20. Re1 Qc7 21.
Bxf6 gxf6 22. Re3 Rfe8 23. Rxe8+ Rxe8 24. Rxd5 Kg7 25. c4 Re2 26. Kf1 Rb2 27.
Qxb2 Qxc4+ 28. Kg2 Qxd5 29. a4 Qc4 30. Qb5 Qc2 31. a5 Bf4 32. a6 Be3 33. Qf1
Qb2 34. d5 Bc5 35. Qe1 b5 36. Qd2 Qa3 37. Qc2 Bb6 38. g5 fxg5 39. Nxg5 b4 40.
Qe2 b3 41. Qe8 Qf8 42. Qe5+ Kg8 43. Ne4 Qc8 44. Nf6+ Kf8 45. Nh7+ Kg8 46. Nf6+
1/2-1/2

[Event "Moscow Aeroflot op-A"]
[Site "Moscow"]
[Date "2005.02.21"]
[Round "7"]
[White "Kosteniuk, Alexandra"]
[Black "Ganguly, Surya Shekhar"]
[Result "0-1"]
[WhiteElo "2490"]
[BlackElo "2585"]
[PlyCount "54"]
[EventDate "2005.02.15"]
[EventType "swiss"]
[EventRounds "9"]
[EventCountry "RUS"]
[SourceTitle "CBM 106"]
[Source "ChessBase"]
[SourceDate "2005.06.06"]
[SourceVersion "1"]
[SourceVersionDate "2005.06.06"]
[SourceQuality "1"]

1. e4 e5 2. Nf3 Nc6 3. Bc4 Nf6 4. Ng5 d5 5. exd5 Na5 6. Bb5+ c6 7. dxc6 bxc6 8.
Be2 h6 9. Nf3 e4 10. Ne5 Bc5 11. c3 Qc7 12. d4 exd3 13. Nxd3 Bd6 14. h3 O-O 15.
Be3 Nd5 16. O-O Nxe3 17. fxe3 Nc4 18. Rf3 Re8 19. e4 Rxe4 20. Nf2 Bc5 21. b4
Qe7 22. Kf1 Bxf2 23. Kxf2 Ba6 24. Bf1 Rd8 25. Qb3 Ne5 26. Bxa6 Nxf3 27. Kxf3
Re1 0-1

[Event "Moscow Aeroflot op-A"]
[Site "Moscow"]
[Date "2005.02.22"]
[Round "8"]
[White "Kulaots, Kaido"]
[Black "Kosteniuk, Alexandra"]
[Result "1/2-1/2"]
[WhiteElo "2576"]
[BlackElo "2490"]
[PlyCount "93"]
[EventDate "2005.02.15"]
[EventType "swiss"]
[EventRounds "9"]
[EventCountry "RUS"]
[SourceTitle "CBM 106"]
[Source "ChessBase"]
[SourceDate "2005.06.06"]
[SourceVersion "1"]
[SourceVersionDate "2005.06.06"]
[SourceQuality "1"]

1. e4 e5 2. Nf3 Nf6 3. Nxe5 d6 4. Nf3 Nxe4 5. d4 d5 6. Bd3 Bd6 7. O-O O-O 8. c4
c6 9. Qc2 Na6 10. a3 Bg4 11. Ne5 Bxe5 12. dxe5 Nac5 13. f3 Nxd3 14. Qxd3 Nc5
15. Qd4 Nb3 16. Qxg4 Nxa1 17. Bh6 g6 18. Nc3 Qb6+ 19. Rf2 Rfe8 20. Qf4 Re6 21.
cxd5 cxd5 22. Nxd5 Qa5 23. Nf6+ Kh8 24. Ng4 Qc7 25. Bg5 f5 26. Bf6+ Kg8 27.
Nh6+ Kf8 28. Qb4+ Ke8 29. g4 Rb6 30. Qa4+ Kf8 31. Qd1 Rc8 32. Qxa1 Rxf6 33.
exf6 Qf4 34. Qa2 Qxh6 35. Qe6 Qc1+ 36. Kg2 Qc7 37. Re2 fxg4 38. Qxg4 Qc4 39.
Re4 Qc2+ 40. Kh3 Rc5 41. Qe6 Rh5+ 42. Rh4 Rxh4+ 43. Kxh4 Qxh2+ 44. Kg4 Qg2+ 45.
Kh4 Qh2+ 46. Kg4 Qg2+ 47. Kh4 1/2-1/2

[Event "Moscow Aeroflot op-A"]
[Site "Moscow"]
[Date "2005.02.23"]
[Round "9"]
[White "Bocharov, Dmitry"]
[Black "Kosteniuk, Alexandra"]
[Result "1-0"]
[WhiteElo "2585"]
[BlackElo "2490"]
[PlyCount "71"]
[EventDate "2005.02.15"]
[EventType "swiss"]
[EventRounds "9"]
[EventCountry "RUS"]
[SourceTitle "CBM 106"]
[Source "ChessBase"]
[SourceDate "2005.06.06"]
[SourceVersion "1"]
[SourceVersionDate "2005.06.06"]
[SourceQuality "1"]

1. d4 d5 2. Nf3 Nf6 3. c4 e6 4. Nc3 dxc4 5. Bg5 Bb4 6. a3 Bxc3+ 7. bxc3 c6 8.
g3 Qa5 9. Qc2 Ne4 10. Bd2 Nxd2 11. Nxd2 b5 12. Bg2 Bb7 13. O-O Qc7 14. Rfb1 Nd7
15. Qb2 Rb8 16. a4 c5 17. Bxb7 Rxb7 18. axb5 O-O 19. dxc5 Qxc5 20. Qb4 Qe5 21.
Nxc4 Qxe2 22. Na5 Rc7 23. Re1 Qf3 24. Nc6 Nb6 25. c4 Ra8 26. Qd6 Rb7 27. Qd4 h5
28. c5 Nd5 29. Ne5 Qf6 30. b6 Qd8 31. Qa4 Qc8 32. Rec1 h4 33. Nc6 h3 34. Nxa7
Qd8 35. Nc6 Nxb6 36. Nxd8 1-0

[Event "EU-chT (Women) 15th"]
[Site "Gothenburg"]
[Date "2005.08.01"]
[Round "3"]
[White "Kosteniuk, Alexandra"]
[Black "Dembo, Yelena"]
[Result "1-0"]
[WhiteElo "2516"]
[BlackElo "2428"]
[PlyCount "135"]
[EventDate "2005.07.30"]
[EventType "team-swiss"]
[EventRounds "9"]
[EventCountry "SWE"]
[SourceTitle "CBM 107 Extra"]
[Source "ChessBase"]
[SourceDate "2005.09.01"]
[SourceVersion "1"]
[SourceVersionDate "2005.09.01"]
[SourceQuality "1"]
[WhiteTeam "Russia (W)"]
[BlackTeam "Greece (W)"]
[WhiteTeamCountry "RUS"]
[BlackTeamCountry "GRE"]

1. e4 c5 2. Nf3 Nc6 3. d4 cxd4 4. Nxd4 Nf6 5. Nc3 d6 6. Bg5 e6 7. Qd2 Be7 8.
O-O-O O-O 9. f4 Nxd4 10. Qxd4 h6 11. Bh4 Qa5 12. Bc4 e5 13. fxe5 dxe5 14. Qd3
Bg4 15. Rdf1 Be6 16. Bxf6 Bxf6 17. Kb1 Qc5 18. Bb3 a5 19. Nd5 Bxd5 20. Bxd5 a4
21. a3 Ra6 22. h4 Rb6 23. g4 Qd4 24. Qxd4 exd4 25. Rf2 Rd6 26. Kc1 Rc8 27. Bxb7
Rb8 28. Bd5 Rdb6 29. b4 Rc8 30. Rh3 Rc7 31. Kd1 Rb8 32. Rhf3 Kh7 33. g5 hxg5
34. hxg5 Bxg5 35. Bxf7 Rb6 36. e5 Rh6 37. Bd5 Rh1+ 38. Rf1 Rxf1+ 39. Rxf1 Rc3
40. b5 g6 41. Rf3 Rxf3 42. Bxf3 Bf4 43. e6 Kg7 44. b6 Kf6 45. Bd5 Bd6 46. b7
Ke7 47. Ke2 Kd8 48. Kd3 Kc7 49. Kc4 Bxa3 50. Kb5 Bd6 51. Kxa4 Kd8 52. Kb5 Bb8
53. Kc4 Ba7 54. Be4 Ke7 55. Kd5 g5 56. Bf5 Kd8 57. Bg4 Ke7 58. Ke5 d3 59. c4 d2
60. c5 Bb8+ 61. Kd5 Ba7 62. c6 Bb8 63. Kc5 Bc7 64. Kb5 Kd6 65. Ka6 d1=Q 66.
Bxd1 Kxc6 67. Ka7 Kd6 68. Bg4 1-0

[Event "EU-chT (Women) 15th"]
[Site "Gothenburg"]
[Date "2005.08.02"]
[Round "4"]
[White "Peptan, Corina Isabela"]
[Black "Kosteniuk, Alexandra"]
[Result "1-0"]
[WhiteElo "2411"]
[BlackElo "2516"]
[PlyCount "109"]
[EventDate "2005.07.30"]
[EventType "team-swiss"]
[EventRounds "9"]
[EventCountry "SWE"]
[SourceTitle "CBM 107 Extra"]
[Source "ChessBase"]
[SourceDate "2005.09.01"]
[SourceVersion "1"]
[SourceVersionDate "2005.09.01"]
[SourceQuality "1"]
[WhiteTeam "Romania (W)"]
[BlackTeam "Russia (W)"]
[WhiteTeamCountry "ROU"]
[BlackTeamCountry "RUS"]

1. e4 c5 2. Nf3 d6 3. d4 cxd4 4. Nxd4 Nf6 5. Nc3 a6 6. Qf3 g6 7. h3 Bg7 8. Be3
Qc7 9. g4 Nc6 10. O-O-O h6 11. Kb1 O-O 12. Qe2 Na5 13. f4 b5 14. f5 Nc4 15. Bc1
Ne5 16. Nd5 Nxd5 17. exd5 Bb7 18. Bg2 Qc4 19. Qxc4 Nxc4 20. Rhe1 Ne5 21. fxg6
fxg6 22. Re2 Rf7 23. Ne6 Kh7 24. Nxg7 Kxg7 25. b3 Nd7 26. Rde1 Re8 27. Bb2+ Kg8
28. Be4 Nf8 29. Bc1 Kg7 30. h4 Rc8 31. h5 g5 32. Bb2+ Kg8 33. Bg6 e5 34. dxe6
Re7 35. Bf7+ Kh7 36. Bf6 Rcc7 37. Bxe7 Rxe7 38. Rd2 d5 39. c3 Kg7 40. Re5 Bc6
41. Kb2 Nh7 42. Bg6 Nf6 43. Bf5 Kf8 44. Rf2 Kg7 45. Kc2 Ng8 46. Kd3 Nf6 47. Kd4
Ba8 48. Re3 Bb7 49. Rd2 Bc8 50. Ke5 Rc7 51. Rxd5 Nxd5 52. Kxd5 Kf8 53. Kd6 Re7
54. Bg6 Bb7 55. Re5 1-0

[Event "EU-chT (Women) 15th"]
[Site "Gothenburg"]
[Date "2005.08.03"]
[Round "5"]
[White "Kosteniuk, Alexandra"]
[Black "Skripchenko, Almira"]
[Result "1/2-1/2"]
[WhiteElo "2516"]
[BlackElo "2437"]
[PlyCount "50"]
[EventDate "2005.07.30"]
[EventType "team-swiss"]
[EventRounds "9"]
[EventCountry "SWE"]
[SourceTitle "CBM 107 Extra"]
[Source "ChessBase"]
[SourceDate "2005.09.01"]
[SourceVersion "1"]
[SourceVersionDate "2005.09.01"]
[SourceQuality "1"]
[WhiteTeam "Russia (W)"]
[BlackTeam "France (W)"]
[WhiteTeamCountry "RUS"]
[BlackTeamCountry "FRA"]

1. e4 c5 2. Nf3 Nc6 3. Nc3 e5 4. Bc4 d6 5. d3 Be7 6. O-O Nf6 7. Ng5 O-O 8. f4
Bg4 9. Qd2 exf4 10. Qxf4 Bh5 11. Nf3 Qd7 12. a3 Rac8 13. Qg3 Nd4 14. Nxd4 cxd4
15. Nd5 Nxd5 16. exd5 Qd8 17. Qf2 Bf6 18. Bf4 a6 19. a4 Re8 20. Rfe1 Be5 21.
Bd2 Qd7 22. a5 Re7 23. b4 f5 24. Bg5 Ree8 25. Bb3 f4 1/2-1/2

[Event "EU-chT (Women) 15th"]
[Site "Gothenburg"]
[Date "2005.08.05"]
[Round "7"]
[White "Kosteniuk, Alexandra"]
[Black "Zhukova, Natalia"]
[Result "1/2-1/2"]
[WhiteElo "2516"]
[BlackElo "2478"]
[PlyCount "169"]
[EventDate "2005.07.30"]
[EventType "team-swiss"]
[EventRounds "9"]
[EventCountry "SWE"]
[SourceTitle "CBM 107 Extra"]
[Source "ChessBase"]
[SourceDate "2005.09.01"]
[SourceVersion "1"]
[SourceVersionDate "2005.09.01"]
[SourceQuality "1"]
[WhiteTeam "Russia (W)"]
[BlackTeam "Ukraine (W)"]
[WhiteTeamCountry "RUS"]
[BlackTeamCountry "UKR"]

1. e4 e5 2. Nf3 Nc6 3. Bb5 Nf6 4. O-O Nxe4 5. d4 Nd6 6. Bxc6 dxc6 7. dxe5 Nf5
8. Qxd8+ Kxd8 9. Nc3 Ne7 10. h3 h6 11. Be3 Bd7 12. Rad1 Kc8 13. Rd2 b6 14. Rfd1
Be6 15. Nd4 Nd5 16. Nxc6 Nxc3 17. bxc3 Ba3 18. f4 g6 19. Nd4 Bc4 20. Rb1 Bc5
21. a4 Kb7 22. Kf2 Rad8 23. Rbd1 a5 24. g4 h5 25. Kg3 hxg4 26. hxg4 Rde8 27.
Re1 Rh7 28. Nf3 Be7 29. Rg1 Be6 30. Nd4 Bd7 31. Nb5 Bc6 32. Kf2 Rh3 33. Ke2 g5
34. Rd3 Bf3+ 35. Kd2 Be4 36. Rd7 Rh2+ 37. Ke1 Bxc2 38. Rxc7+ Kb8 39. Rc6 Bc5
40. Bxc5 bxc5 41. Rb6+ Kc8 42. Nd6+ Kc7 43. Rb7+ Kc6 44. Nxe8 Kxb7 45. Nd6+ Kc7
46. Nxf7 gxf4 47. Rf1 Bxa4 48. Rxf4 Bb3 49. Nd6 a4 50. c4 Kd7 51. Ne4 Ke6 52.
Rf5 Bc2 53. Nxc5+ Ke7 54. Rf3 Rg2 55. Rc3 Bg6 56. Nxa4 Rxg4 57. Nb6 Re4+ 58.
Kd2 Rxe5 59. c5 Be8 60. c6 Bxc6 61. Rxc6 Re6 62. Rc7+ Kd6 63. Rg7 Kc5 64. Na4+
Kd4 65. Nc3 Rh6 66. Rg4+ Kc5 67. Ne4+ Kd5 68. Ke3 Rh3+ 69. Ng3 Ke5 70. Kf3 Rh8
71. Rg5+ Kd4 72. Ne2+ Kc4 73. Re5 Rh3+ 74. Ke4 Rh4+ 75. Nf4 Rh1 76. Ng2 Kb4 77.
Rd5 Rh2 78. Rg5 Kc3 79. Nf4 Rh8 80. Rc5+ Kb4 81. Kd4 Rh4 82. Rc4+ Kb5 83. Kd5
Rh8 84. Rc5+ Kb6 85. Rc6+ 1/2-1/2

[Event "Moscow-ch blitz 59th"]
[Site "Moscow"]
[Date "2005.08.28"]
[Round "?"]
[White "Kosteniuk, Alexandra"]
[Black "Zvjaginsev, Vadim"]
[Result "1/2-1/2"]
[WhiteElo "2516"]
[BlackElo "2659"]
[PlyCount "48"]
[EventDate "2005.08.28"]
[EventType "tourn (blitz)"]
[EventRounds "19"]
[EventCountry "RUS"]
[SourceTitle "CBM 108 Extra"]
[Source "ChessBase"]
[SourceDate "2005.11.04"]
[SourceVersion "1"]
[SourceVersionDate "2005.11.04"]
[SourceQuality "1"]

1. e4 c5 2. Nf3 g6 3. d4 Bg7 4. dxc5 Qa5+ 5. Nc3 Bxc3+ 6. bxc3 Qxc3+ 7. Bd2
Qxc5 8. Bd3 d6 9. h3 Nc6 10. O-O Nf6 11. Re1 O-O 12. Bh6 Rd8 13. Qd2 Be6 14.
Be3 Qa5 15. Qe2 Rac8 16. Ng5 Bd7 17. f4 Nb4 18. Bd4 Nc6 19. Bf2 Nh5 20. Qe3 Qc5
21. Qd2 Qa5 22. Qe3 Qc5 23. Qd2 Qa5 24. Qe3 Qc5 1/2-1/2

[Event "Moscow-ch blitz 59th"]
[Site "Moscow"]
[Date "2005.08.28"]
[Round "?"]
[White "Malakhov, Vladimir"]
[Black "Kosteniuk, Alexandra"]
[Result "1-0"]
[WhiteElo "2673"]
[BlackElo "2516"]
[PlyCount "40"]
[EventDate "2005.08.28"]
[EventType "tourn (blitz)"]
[EventRounds "19"]
[EventCountry "RUS"]
[SourceTitle "CBM 108 Extra"]
[Source "ChessBase"]
[SourceDate "2005.11.04"]
[SourceVersion "1"]
[SourceVersionDate "2005.11.04"]
[SourceQuality "1"]

1. Nf3 d5 2. c4 e6 3. d4 Nf6 4. Bg5 dxc4 5. e4 Bb4+ 6. Nc3 c5 7. Bxc4 cxd4 8.
Nxd4 Bxc3+ 9. bxc3 Qa5 10. Bb5+ Bd7 11. Bxf6 Qxc3+ 12. Kf1 gxf6 13. Rc1 Qxd4
14. Qxd4 Bxb5+ 15. Kg1 Nd7 16. h4 O-O 17. a4 e5 18. Qd1 Bc6 19. Rxc6 bxc6 20.
Qxd7 Rac8 1-0

[Event "RUS-ch sf 58th"]
[Site "Kazan"]
[Date "2005.09.08"]
[Round "6"]
[White "Popov, Valerij"]
[Black "Kosteniuk, Alexandra"]
[Result "1-0"]
[WhiteElo "2570"]
[BlackElo "2516"]
[Annotator "Ribli,Z"]
[PlyCount "89"]
[EventDate "2005.09.03"]
[EventType "swiss"]
[EventRounds "9"]
[EventCountry "RUS"]
[SourceTitle "CBM 109"]
[Source "ChessBase"]
[SourceDate "2005.11.14"]
[SourceVersion "1"]
[SourceVersionDate "2005.11.14"]
[SourceQuality "1"]

1. c4 e6 2. Nf3 d5 3. g3 Nf6 4. Bg2 dxc4 5. Qa4+ c6 6. Qxc4 b5 7. Qc2 Bb7 {
Die Zugfolge 5...c6, 6...b5 und 7...Bb7 ist in der letzten Zeit besonders
populär geworden. Die schwarze Strategie ist die schnelle Entwicklung des
Damenflügels.} 8. a4 (8. O-O Nbd7 9. d4 c5 $11) (8. d4 Nbd7 9. a4 c5 $1 $11)
8... Qb6 (8... Na6 9. O-O (9. Nc3 Nb4 10. Qb1 Be7 11. O-O a6 12. d4 O-O 13. Bg5
Rc8 14. e3 Qb6 $6 15. Ne4 $5 Rfe8 16. Bxf6 gxf6 17. Rc1 a5 18. Nc5 $14 {
1/2-1/2 Saric,A-Pavasovic,D/Zadar 2004 (70)}) 9... Nb4 10. Qb3 a6 11. Nc3 Qb6
12. d4 c5 13. dxc5 Bxc5 14. axb5 axb5 15. Rxa8+ Bxa8 16. Be3 Bxe3 17. Qxb4 {
1/2-1/2 Karatorossian,D-Banusz,T/Budapest 2005/(60)}) (8... a6 $5 9. axb5 (9.
O-O) 9... cxb5 $5 (9... axb5) 10. O-O Be7 11. d4 O-O 12. Bg5 Nc6 13. e3 Rc8 14.
Qe2 Nb4 15. Nc3 h6 16. Bxf6 Bxf6 17. Rfd1 Qb6 $11 {1/2-1/2 Rotstein,A-Gyimesi,
Z/Graz 2004 (28)}) 9. O-O a6 (9... Na6 {[%csl Gf2][%cal Ga6b4]} 10. d4 Be7 11.
Bg5 O-O 12. Nc3 {[%csl Ra6,Rb6]} Rfd8 $6 (12... Nb4) 13. Ne4 {1-0 Ghaem
Maghami,E-Mitkov,N/Yerevan 2001/CBM 86/[Ribli] (48)}) 10. d3 c5 {Mit diesem
Zug öffnet Schwarz die Diagonale für den b7-Läufer; der Nachteil des Zuges
besteht in der potentiellen Schwächung des b5-Bauern.} 11. axb5 {Das ist die
natürliche Fortsetzung, aber die Alternative 11.Nc3 kommt auch in Betracht.} (
11. Nc3 Nbd7 (11... Be7) 12. axb5 $5 (12. Bd2 Be7 13. axb5 axb5 14. Rxa8+ Bxa8
15. Qb3 Bc6 16. Ng5 {0-1 Sulyok,M-Riazantsev,A/Oberwart 2004/CBM 103 ext (34)})
12... axb5 13. Rxa8+ Bxa8 14. Qb3 Bc6 15. Nd2 $5 Bxg2 16. Kxg2 b4 17. Nce4 Be7
18. Nxf6+ Bxf6 19. Ne4 Be7 20. Be3 O-O 21. Rc1 Ra8 22. Qc4 $14 {1-0 Stangl,
M-Kaid,A/Bundesliga 2005/ 46)}) 11... axb5 12. Rxa8 Bxa8 13. Nc3 Be7 (13...
Nbd7 14. Qb3 Bc6 (14... b4) 15. Nd2) 14. Qb3 b4 {Auf diese Weise löst Schwarz
das Problem des b-Bauern, aber im folgenden kann Weiß das Feld c4 besetzen.} (
14... Bc6) 15. Na4 (15. Nd1 {[%csl Yc4][%cal Gd1e3,Ge3c4]} O-O 16. Ne3 Nbd7 17.
Nd2 Bxg2 18. Kxg2 Ra8 19. Ndc4 Qc6+ 20. Kg1 Ra1 21. Bd2 Rxf1+ 22. Nxf1 Qa6 23.
Nfe3 h5 {1/2-1/2 Badea,B-Vukovic,Z/Bucharest 2000/EXT 2001 (23)}) 15... Qb5 16.
Qc2 O-O $11 {Schwarz hat eine bequeme, ausgeglichene Stellung erreicht und
keine Entwicklunsprobleme.} 17. b3 Nbd7 18. Bb2 Bd5 19. Nd2 {[%csl Yc4][%cal
Gd2c4][%mdl 32] Der Springer zielt auf das Feld c4, was ein typisches Motiv in
dieser Variante ist.} Ra8 {Die schwarze Drohung ist 20...Bxb3 21.Qxb3 Rxa4 mit
Bauerngewinn.} (19... Bxg2 20. Kxg2 Nd5 $11) 20. Ra1 (20. Nc4 Bxg2 (20... Qb7
21. e4 $14) 21. Kxg2 Ne8 {[%cal Ge8d6]} (21... Nd5)) 20... Qb7 21. Bxd5 (21. e4
$5 Bc6 22. Nc4) 21... exd5 {[%csl Gc5,Gd5] Jetzt kontrolliert Schwarz das Feld
c4 mit dem d5-Bauern. Weiß möchte ebenfalls die Herrschaft über dieses Feld
erlangen, aber er muss e2-e4 ziehen, wonach Schwarz am Königsflügel
Gegenchancen erhält.} 22. e4 Ng4 (22... dxe4 $6 23. dxe4 $14) 23. Rc1 (23. exd5
Qxd5 $36 {[%cal Gd5h5]}) 23... h5 (23... Bf6 24. Bxf6 Ngxf6 25. Nxc5 Nxc5 26.
Qxc5 dxe4 27. dxe4 Nxe4 28. Nxe4 Qxe4 29. Qc8+ Qe8 30. Qxe8+ Rxe8 31. Rc4 Rb8 (
31... g6 $5 32. Rxb4 Re1+ 33. Kg2 Rb1 $14) 32. Kg2 $14) 24. Re1 (24. h3 Ngf6 (
24... Nh6) 25. Bxf6 Nxf6 26. Nxc5 Bxc5 27. Qxc5 dxe4 28. dxe4 Nxe4 29. Nxe4
Qxe4 30. Qxh5 Qd3 31. Qd1 Rd8 32. Qxd3 Rxd3 33. Rb1 g5 $11) 24... d4 25. Bc1 (
25. h3 $5) 25... Qa6 $1 {[%csl Ga6][%cal Ga6d3,Ga6g6] Die Dame steht gut und
flexibel auf a6: sie kontrolliert den d3-Bauern und kann gleichsam auf den
Königsflügel wechseln.} 26. Nc4 Nge5 {Droht 27...Nf3+ und mit 27...Nxc4
moechte Schwarz den starke c4-Springer tauschen.} 27. Nxe5 Nxe5 28. Rd1 c4 $5
$36 {[%mdl 512] Schwarz opfert einen Bauern und bekommt die Initiative.} (28...
h4 29. f4 Nd7 (29... Ng4)) 29. dxc4 d3 30. Qb1 (30. Rxd3 Nxd3 31. Qxd3 Rd8 32.
Qf3 h4 $36) 30... Qg6 (30... Qe6 $1 $36 31. Bf4 $2 Nf3+ 32. Kg2 (32. Kf1 {
Das ist der große Unterschied zum Damenzug nach g6.} Qh3#) 32... Qxe4 $19) 31.
Bf4 $8 Nf3+ 32. Kf1 (32. Kg2 $2 Qxe4 $19) 32... Qxe4 33. Qxd3 Nxh2+ 34. Kg1
Nf3+ 35. Kf1 Nh2+ 36. Kg1 Nf3+ 37. Kh1 $5 Qc6 $2 (37... f5 $1 38. Qd5+ Kh7 $11)
38. Qd5 $1 $16 {[%csl Gd5,Rf3] Nach diesem Zug verfügt Schwarz über keiner
Drohungen auf der Diagonale a8-h1 und sein Nf3 ist weit entfernt vom
Hauptkriegsschauplatz.} Qxd5 (38... Rc8 39. Qxc6 Rxc6 40. Kg2 g5 41. Kxf3 gxf4
42. Kxf4 $18) 39. cxd5 {[%csl Gd1,Gd5,Gf4] Der d-Freibauer ist mit
Unterstützung des f4-Läufers und des d1-Turms sehr stark, während der früher
"stolze" Nf3 im Abseits steht.} g5 40. Bc7 {[%cal Rd5d6,Rd6d7]} Bf6 41. d6 Ra7
(41... Ne5 42. d7 $18) 42. Bb6 $18 (42. Nb6 Ne5 43. Nd5 Kg7 44. Nxb4 $18) 42...
Rxa4 43. bxa4 b3 44. a5 b2 45. a6 1-0

[Event "RUS-ch sf 58th"]
[Site "Kazan"]
[Date "2005.09.11"]
[Round "9"]
[White "Kosteniuk, Alexandra"]
[Black "Obolenskikh, Dmitry Aleksandrovi"]
[Result "1-0"]
[WhiteElo "2516"]
[BlackElo "2437"]
[Annotator "Gofshtein,L"]
[PlyCount "61"]
[EventDate "2005.09.03"]
[EventType "swiss"]
[EventRounds "9"]
[EventCountry "RUS"]
[SourceTitle "CBM 109"]
[Source "ChessBase"]
[SourceDate "2005.11.14"]
[SourceVersion "1"]
[SourceVersionDate "2005.11.14"]
[SourceQuality "1"]

1. e4 c5 2. Nf3 d6 3. d4 cxd4 4. Nxd4 Nf6 5. Nc3 a6 6. Bg5 (6. Be3 Ng4 7. Bc1
Nf6 8. Bg5 e6 9. f4 Qb6 10. a3 Be7 11. e5 $5 dxe5 12. fxe5 Nd5 13. Bxe7 Nxe7
14. Qd2 Qxb2 15. Bb5+ axb5 16. O-O $36 {1-0 Timman,J-Popov,V/Sweden 2002/EXT
2003 (30)}) 6... e6 7. f4 Qb6 8. a3 {As the tournament practice shows, 8...Nc6
deserves a serious attention immideatly attacking white's active knight} Nbd7 (
8... Nc6 $5 9. Nxc6 (9. Nf3 Ng4 10. Qd2 h6 11. Bh4 g5 12. fxg5 hxg5 13. Bxg5
Qxb2 $36 {0-1 Szabo,L-Tringov,G/Kecskemet 1964/EXT 98 (29)}) 9... bxc6 10. Bd3
Qxb2 11. Na4 Qd4 12. c3 Qe3+ 13. Qe2 Qxe2+ 14. Kxe2 Nd7 15. Rhb1 h6 16. Bh4 g5
17. Bf2 gxf4 $17 {0-1 Nataf,I-Ivanov,M/Cappelle la Grande 1995/EXT 97 (61)}) (
8... Be7 9. Qd2 h6 10. Bxf6 Bxf6 11. O-O-O O-O 12. Nb3 Rd8 13. h4 a5 14. g4 a4
15. Nd4 Bxd4 16. Qxd4 $36 {1-0 Timman,J-Van der Wiel,J/Amsterdam 1991/CBM 023 
(59)}) 9. Bh4 $5 {[%cal Rh4f2] This move was hardly played before. After the
common 9.Be2 or 9.Bc4 black was able to reach counterplay} (9. Be2 Be7 10. Nb3
(10. Qd2 Qc7 11. O-O-O b6 12. Bf3 Bb7 $132 {0-1 Rohonyan,K-Zhao Xue/Heraklio
2002/CBM 091 ext (28)}) 10... h6 $5 11. Bxf6 Nxf6 (11... Bxf6 12. Qd2 Qc7 (
12... Nc5 13. O-O-O Nxb3+ 14. cxb3 Be7 $13 {1-0 Georgiev,V-Ermenkov,E/Bulgaria
1995/EXT 97 (30)}) 13. O-O-O Be7 14. Kb1 b5 15. Bxb5 axb5 16. Nxb5 Qb6 17.
Nxd6+ Bxd6 18. Qxd6 Qxd6 19. Rxd6 $132 {0-1 Predojevic,B-Mamedov,R/Chalkidiki
2001/EXT 2002 (35)}) 12. Qd3 Qc7 13. O-O-O b5 $132 {0-1 Mahini,M-Zsiltzova
Lisenko,L/Elista 1998/CBM 066 ext (40)}) (9. Qd2 Qxb2 10. Nb3 Nc5 11. Rb1 Nxb3
12. Rxb2 Nxd2 $17 {1-0 Cheung,J-Tarantino,S/Brest 2002/EXT 2003 (39)}) (9. Bc4
h6 10. Bh4 g5 11. fxg5 hxg5 12. Bxg5 Qc5 13. Bxf6 Nxf6 $44 {0-1 Burger,
A-Iashvili,A/Formia 1994/EXT 99 (39)}) 9... Be7 10. Bf2 Qc7 11. g4 (11. Qf3 b5)
11... Nc5 (11... h6 12. h4 Nb6 13. Qf3 {1/2-1/2 Groszpeter,A-Horvath,G/Hungary
1995/EXT 97 (13)}) 12. Bg2 O-O {12...d5 deserved a serious attention trying to
start some counterplay in the centre} (12... d5 $5 13. e5 Nfe4 14. Nxe4 Nxe4
15. Bxe4 dxe4 16. Qe2 b5 $132) 13. g5 Nfd7 14. b4 Nb3 15. Ncb5 axb5 16. cxb3 d5
{16...Qc3 was essential in order to complicate the game} (16... Qc3+ $5 17. Kf1
e5 18. Rc1 Qb2 19. Nxb5 b6 $132) 17. Qd2 $5 {White stabilizes his position and
gets an advantage} dxe4 18. Bxe4 e5 {Probably 18...Rd8 or 18...Qb8 was more
stubborn, although also in this case white's advantage is very clear} (18...
Rd8 19. Nxb5 Qb8 20. Bd4 $16) (18... Qb8 19. O-O Rd8 20. Be3 $16) 19. Nf5 Bd8
20. Rc1 Qb8 21. O-O {White finishes the development and continues to dominate}
exf4 (21... Nb6 22. Bc5 Bxf5 23. Bxf5 Re8 24. Qd3 g6 25. Qxb5 $18) 22. Rxc8 $1
{A tactical strike, white gets two minor pieces for a rook and gets an easily
winning position} Qxc8 23. Rc1 $18 Qb8 (23... Qxc1+ 24. Qxc1 Bxg5 25. Bxb7 $18)
24. Qxd7 Bxg5 25. h4 Qe5 {Black tries to activize his pieces and to get
counterplay} (25... Bf6 26. Nh6+ gxh6 27. Qf5 Rd8 28. Qxh7+ Kf8 29. Bc5+ $18)
26. Re1 {A natural move, which deprives from black any illusions} Rad8 (26...
Qe6 27. Ne7+ Bxe7 28. Bxh7+ Kxh7 29. Rxe6 fxe6 30. Qxe7 $18) 27. Qxb7 Qf6 (
27... g6 28. hxg5 gxf5 29. Bg2 $18) 28. hxg5 Qxg5+ 29. Kf1 Rd2 30. Qxb5 g6 31.
Bh4 1-0